Quel est le nom de ces tennismans actuels ? - Statistiques

Statistiques générales
  • Ce quiz a été pris 223 fois
  • Le résultat moyen est 7 sur 20
Statistiques - réponses
Par images Réponse % Correct
Dominic Thiem
96%
Fabio Fognini
82%
Gilles Simon
77%
Diego Schwartzman
71%
Dan Evans
59%
Jordan Thompson
51%
Nikoloz Basilashvili
34%
Marcos Giron
23%
Marton Fucsovics
23%
Tallon Griekspoor
23%
Emil Ruusuvuori
22%
Daniel Elahi Galan
19%
Ilya Ivashka
18%
Oscar Otte
18%
Soonwoo Kwon
16%
Bernabe Zapata Miralles
14%
Roman Safiullin
12%
Joao Sousa
10%
Ricardas Berankis
6%
Kamil Majchrzak
3%
Aucun quiz correspondant
Distribution des résultats
% des personnes avec chaque résultat
Percentile par nombre de réponses
Votre historique - résultats
Vous n’avez pas pris ce quiz